| 000 | 02626nam0a2200373 4500 | ||
|---|---|---|---|
| 001 | RU\NLR\BIBL_A\022539189 | ||
| 005 | 20260420044303.0 | ||
| 010 |
_a978-5-98335-058-8 _9300 |
||
| 021 |
_aRU _bКН-П-25-015948 _9КН-П-25-1625 |
||
| 035 | _a(NLR Aleph) 022539189 | ||
| 090 |
_a13672392 _c13672392 |
||
| 100 | _a20250512d2023 u y0rusy50 ca | ||
| 101 | 0 | _arus | |
| 102 | _aRU | ||
| 105 | _aa z 100zy | ||
| 181 | 0 |
_ai3 _baxxe |
|
| 182 | 0 | _an | |
| 200 | 1 |
_aНематериальное этнокультурное достояние народов России. Региональный опыт _eматериалы Всероссийского форума по вопросам деятельности в сфере нематериального этнокультурного достояния, Липецк-Красноярск 2023 _fМинистерство культуры Российской Федерации, Государственный Российский Дом народного творчества имени В. Д. Поленова _gсоставители: И. М. Глинко, М. В. Русанова |
|
| 203 |
_aТекст _bвизуальный _cнепосредственный |
||
| 210 |
_aМосква _cФГБУК "Государственный Российский Дом народного творчества имени В. Д. Поленова" _d2023 |
||
| 215 |
_a159 с., [4] л. цв. ил. _d21 |
||
| 225 | 1 | _aНациональный проект "Культура" | |
| 225 | 1 |
_aНациональные проекты России _iКультура |
|
| 320 | _aБиблиогр. в конце отд. ст. и в подстроч. примеч. | ||
| 606 | 1 |
_aКультурное наследие _jСъезды, совещания и т.п _yРоссия _92065956 _3RU\NLR\AUTH\661240498 |
|
| 686 | 1 | _aТ3(2)0-7я431 | |
| 702 | 1 |
_aГлинко _bИ. М. _gИрина Михайловна _4220 |
|
| 711 | 1 | 2 |
_aВсероссийский форум по вопросам деятельности в сфере нематериального этнокультурного достояния _eЛипецк/Красноярск _f2023 _92659797 _3RU\NLR\AUTH\880627429 |
| 712 | 0 | 2 |
_4475 _aГосударственный российский дом народного творчества им. В. Д. Поленова _cМосква _9670524 _3RU\NLR\AUTH\880505304 |
| 942 | _cBOOK | ||
| 980 | _aNB | ||